Frauen und technische Berufe

Guardado en:  
Detalles Bibliográficos
Autor principal: Bertram, Barbara 1967- (Autor)
Tipo de documento: Print Artículo
Lenguaje:Alemán
Publicado: 1991
En: Jugend in der DDR
Año: 1991, Páginas: 143-153
Verificar disponibilidad: HBZ Gateway
Palabras clave:

MARC

LEADER 00000caa a2200000 c 4500
001 1526075733
003 DE-627
005 20240606215414.0
007 tu
008 160223s1991 xx ||||| 00| ||ger c
020 |a 3779904187 
035 |a (DE-627)1526075733 
035 |a (DE-576)456075739 
035 |a (DE-599)BSZ456075739 
040 |a DE-627  |b ger  |c DE-627  |e rakwb 
041 |a ger 
100 1 |a Bertram, Barbara  |d 1967-  |0 (DE-588)133241858  |0 (DE-627)539311006  |0 (DE-576)267375417  |4 aut 
109 |a Bertram, Barbara 1967- 
245 1 0 |a Frauen und technische Berufe  |c Barbara Bertram 
264 1 |c 1991 
336 |a Text  |b txt  |2 rdacontent 
337 |a ohne Hilfsmittel zu benutzen  |b n  |2 rdamedia 
338 |a Band  |b nc  |2 rdacarrier 
773 0 8 |i In  |t Jugend in der DDR  |d Weinheim München : Juventa Verl., 1991  |g (1991), Seite 143-153  |h 243 S.  |w (DE-627)027426157  |w (DE-576)023788488  |z 3779904187  |7 nnam 
773 1 8 |g year:1991  |g pages:143-153 
889 |w (DE-627)783916469 
935 |a mkri 
935 |i mdedup 
951 |a AR 
ELC |b 1 
LOK |0 000 xxxxxcx a22 zn 4500 
LOK |0 001 2899583123 
LOK |0 003 DE-627 
LOK |0 004 1526075733 
LOK |0 005 20260204130000 
LOK |0 008 160208||||||||||||||||ger||||||| 
LOK |0 040   |a DE-21-110  |c DE-627  |d DE-21-110 
LOK |0 689   |a s  |a Erwerbstätigkeit 
LOK |0 689   |a g  |a DDR 
LOK |0 689   |a s  |a Frauen 
LOK |0 852   |a DE-21-110 
LOK |0 852 1  |m p  |9 00 
LOK |0 935   |a k110 
LOK |0 938   |k p 
LOK |0 939   |a 08-02-16  |b l01 
ORI |a SA-MARC-krimdoka001.raw